Los títulos nobiliarios y su regulación legislativa en España / (Record no. 128447)

MARC details
000 -LEADER
campo de control de longitud fija 00732nam a2200217 i 4500
001 - NÚMERO DE CONTROL
campo de control 128447
003 - IDENTIFICADOR DE NÚMERO DE CONTROL
campo de control ES-MaACL
005 - FECHA Y HORA DE LA ÚLTIMA TRANSACCIÓN
campo de control 20251116063104.0
007 - CAMPO FIJO DE DESCRIPCIÓN FÍSICA--INFORMACIÓN GENERAL
campo de control de longitud fija t|
008 - DATOS DE LONGITUD FIJA--INFORMACIÓN GENERAL
campo de control de longitud fija 070511s1960 sp ||||1| spa d
080 ## - NÚMERO DE LA CLASIFICACIÓN DECIMAL UNIVERSAL
Número de la Clasificación Decimal Universal 347.189.41(46)
100 1# - ENTRADA PRINCIPAL--NOMBRE DE PERSONA
Nombre de persona Taboada Roca, Manuel,
Títulos y otros términos asociados al nombre Conde de Borrajeiros
9 (RLIN) 109031
245 14 - MENCIÓN DEL TÍTULO
Título Los títulos nobiliarios y su regulación legislativa en España /
Mención de responsabilidad, etc. Manuel Taboada Roca.
250 ## - MENCION DE EDICION
Mención de edición Reimp.
260 ## - PUBLICACIÓN, DISTRIBUCIÓN, ETC.
Lugar de publicación, distribución, etc. Madrid :
Nombre del editor, distribuidor, etc. Hidalguía, Instituto Salazar y Castro,
Fecha de publicación, distribución, etc. 1960.
300 ## - DESCRIPCIÓN FÍSICA
Extensión 135 p. ;
Dimensiones 26 cm.
650 14 - PUNTO DE ACCESO ADICIONAL DE MATERIA--TÉRMINO DE MATERIA
Término de materia o nombre geográfico como elemento de entrada Títulos nobiliarios-
Subdivisión general Derecho-
Subdivisión geográfica España.
9 (RLIN) 17545
710 2# - ENTRADA AGREGADA--NOMBRE DE ENTIDAD CORPORATIVA
Nombre de entidad corporativa o nombre de jurisdicción como elemento de entrada Instituto Salazar y Castro.
9 (RLIN) 5230
852 ## - LOCALIZACIÓN
Ubicación ES-MaACL
Número de control de estantería L-10563
Sublocalización o colección R.111009
Holdings
Estatus retirado Estado de pérdida Estado de daño No para préstamo Biblioteca de origen Biblioteca actual Ubicación en estantería Fecha de adquisición Fuente de adquisición Total de préstamos Signatura topográfica completa Código de barras Visto por última vez Precio de reemplazo Tipo de ítem Koha
        Biblioteca del Ateneo de Madrid Biblioteca del Ateneo de Madrid Depósito 2 17/01/2008     L-10563 1133776 23/02/2023 23/02/2023 Libro impreso